Statistics for Ealing Comedies

Click here to take the quiz!

General Stats

  • This quiz has been taken 35 times
  • The average score is 4 of 17

Answer Stats

Lead Actors Film % Correct
Alec Guinness, Herbert Lom, Peter SellersThe LadyKillers
84%
Stanley Holloway, Alec GuinnessThe Lavender Hill Mob
55%
Dennis Price, Joan Greenwood, Valerie Hobson, Alec GuinnessKind Hearts and Coronets
48%
Stanley Holloway, Barbara Murray, Basil Radford, Nauton WaynePassport to Pimlico
45%
Alec Guinness, Joan GreenwoodThe Man in the White Suit
39%
Basil Radford, Joan Greenwood, Gordon JacksonWhisky Galore!
29%
Alistair Sim, Harry FowlerHue and Cry
23%
George Relph, Stanley Holloway, Nauton WayneThe Titfield Thunderbolt
19%
Robert Beatty, Moira ListerAnother Shore
6%
Alex Mackenzie, Paul DouglasThe Maggie
6%
Harry Secombe, Alexander KnoxDavy
6%
James Fox, Stephen Murray, Kay WalshThe Magnet
3%
Stanley Holloway, Jack Watling, Peggy Cummins, Barbara MurrayMeet Mr. Lucifer
3%
David Niven, Anne VernonThe Love Lottery
3%
Donald Houston, Meredith Edwards, Moira ListerA Run for Your Money
3%
Alec GuinnessBarnacle Bill
3%
Benny HillWho Done it?
0%

Score Distribution

Percentile by Number Answered

Percent of People with Each Score

Your Score History

You have not taken this quiz